رواد من الأردن : (رقم التسجيلة. 70456)
[ عرض عادي ]
| 000 -LEADER | |
|---|---|
| fixed length control field | 00792nam a22002297a 4500 |
| 005 - DATE AND TIME OF LATEST TRANSACTION | |
| control field | 20251108172111.0 |
| 008 - FIXED-LENGTH DATA ELEMENTS--GENERAL INFORMATION | |
| fixed length control field | 250721s1999 xx 000 0 ara d |
| 082 14 - DEWEY DECIMAL CLASSIFICATION NUMBER | |
| Classification number | 923.2565/روا |
| 100 1# - MAIN ENTRY--PERSONAL NAME | |
| Personal name | غوانمة، يوسف |
| Relator term | محرر |
| 111 2# - MAIN ENTRY--MEETING NAME | |
| Meeting name or jurisdiction name as entry element | ندوة رواد من الأردن (عمان : 1998 ) |
| 245 10 - TITLE STATEMENT | |
| Title | رواد من الأردن : |
| Remainder of title | مجموعة أعمال الندوة التي عقدها المنتدى الثقافي / |
| 264 1# - PRODUCTION, PUBLICATION, DISTRIBUTION, MANUFACTURE, AND COPYRIGHT NOTICE | |
| Place of production, publication, distribution, manufacture | اربد : |
| Name of producer, publisher, distributor, manufacturer | المنتدى الثقافي، |
| Date of production, publication, distribution, manufacture, or copyright notice | 1999. |
| 300 ## - PHYSICAL DESCRIPTION | |
| Extent | 297ص |
| 650 17 - SUBJECT ADDED ENTRY--TOPICAL TERM | |
| Topical term or geographic name as entry element | السياسيون |
| 650 17 - SUBJECT ADDED ENTRY--TOPICAL TERM | |
| Topical term or geographic name as entry element | التراجم |
| 650 17 - SUBJECT ADDED ENTRY--TOPICAL TERM | |
| Topical term or geographic name as entry element | القادة |
| 650 17 - SUBJECT ADDED ENTRY--TOPICAL TERM | |
| Topical term or geographic name as entry element | تاريخ الأردن |
| 700 1# - ADDED ENTRY--PERSONAL NAME | |
| Personal name | حداد، حنا |
| Relator term | محرر |
| 700 1# - ADDED ENTRY--PERSONAL NAME | |
| Personal name | جبران، نعمان |
| Relator term | محرر |
| 942 ## - ADDED ENTRY ELEMENTS (KOHA) | |
| Source of classification or shelving scheme | Dewey Decimal Classification |
| Koha item type | كتب |
| حالة السحب | حالة الفقدان | مصدر التصنيف | حالة التلف | غير قابل للإعارة | المكتبة الرئيسية | المكتبة الحالية | موقع الرف | تاريخ التزويد | الرقم المتسلسل | Total Checkouts | رقم الإستدعاء | الباركود | تاريخ آخر ظهور | تاريخ الفاتورة | نوع المادة (كوها) |
|---|---|---|---|---|---|---|---|---|---|---|---|---|---|---|---|
| Dewey Decimal Classification | المكتبة المركزية | المكتبة المركزية | الإعارة | 06/07/2004 | 370589 | 923.2565/روا | 370589 | 28/07/2025 | 06/07/2004 | كتب | |||||
| Dewey Decimal Classification | المكتبة المركزية | المكتبة المركزية | الإعارة | 06/02/2012 | 370588 | 923.2565/روا | PLD00239926 | 28/07/2025 | 06/02/2012 | كتب | |||||
| Dewey Decimal Classification | مكتبة أبو علندا العامة | مكتبة أبو علندا العامة | الإعارة | 29/07/2015 | 370610 | 923.2565/روا | PLD00339633 | 28/07/2025 | 29/07/2015 | كتب | |||||
| Dewey Decimal Classification | مكتبة الأميرة ايمان العامة | مكتبة الأميرة ايمان العامة | الإعارة | 22/09/2013 | 370601 | 923.2565/روا | PLD00278973 | 28/07/2025 | 22/09/2013 | كتب | |||||
| Dewey Decimal Classification | مكتبة الراية الهاشمية للأطفال | مكتبة الراية الهاشمية للأطفال | الإعارة | 28/07/2025 | 1138238 | 923.2565/روا | 1138238 | 28/07/2025 | 28/07/2025 | كتب | |||||
| Dewey Decimal Classification | مكتبة حمزة العامة | مكتبة حمزة العامة | الإعارة | 25/11/2015 | 370607 | 923.2565/روا | PLD00366735 | 28/07/2025 | 25/11/2015 | كتب |